| 000 | 00882nam a22002777a 4500 | ||
|---|---|---|---|
| 005 | 20251201170229.0 | ||
| 008 | 251201t2020 sp ||||| |||| 00| 0 spa d | ||
| 020 | _a978-84-15950-80-6 | ||
| 040 | _aIste | ||
| 041 | _aspa | ||
| 044 | _asp | ||
| 082 |
_a614.2:616-053.2 _bM6999 |
||
| 100 |
_aMínguez Navarro, M.C. _cAutor _eAutor _98389 |
||
| 245 | _aManual de clasificación y triage del paciente pediátrico en urgencias. | ||
| 250 | _a1a. ed. | ||
| 260 |
_aMadrid - España _bErgon _c2020 |
||
| 300 |
_a408 páginas, _bgráficos, ilustraciones, tablas. |
||
| 650 |
_aTRIAGE HOSPITALARIO _98390 |
||
| 650 |
_aMOTIVOS DE CONSULTA _98391 |
||
| 650 |
_aTRIAGE E INFORMACIÓN _98392 |
||
| 650 |
_aTRIAGE TELEFONICO _98393 |
||
| 650 |
_aTABLA TEP _98394 |
||
| 653 | _aTECNOLOGÍA Y CIENCIAS MÉDICAS | ||
| 653 | _aENFERMEDADES | ||
| 942 |
_2udc _cLB _zUCat |
||
| 999 |
_c1681 _d1681 |
||